书目信息 |
| 题名: |
律历融通校注
|
|
| 作者: | 刘勇 , 唐继凯 校注 | |
| 分册: | ||
| 出版信息: | 北京 中国文联出版社 2006 |
|
| 页数: | 383页 | |
| 开本: | 21cm | |
| 丛书名: | ||
| 单 册: | ||
| 中图分类: | J612.1 , P194.3 | |
| 科图分类: | ||
| 主题词: | 律学--注释--中国--明代 , 古历法--注释--中国--明代 , 律学 , 古历法 | |
| 电子资源: | ||
| ISBN: | 7-5059-5329-X | |
| 000 | 00917nam0 2200289 450 | |
| 001 | 1231868893 | |
| 005 | 20121019085208.24 | |
| 010 | @a7-5059-5329-X@dCNY30.00 | |
| 100 | @a20061205d2006 em y0chiy50 ea | |
| 101 | 0 | @achi |
| 102 | @aCN@b110000 | |
| 105 | @aa z 000yy | |
| 200 | 1 | @a律历融通校注@Alv li rong tong jiao zhu@f刘勇,唐继凯校注 |
| 210 | @a北京@c中国文联出版社@d2006 | |
| 215 | @a383页@c图@d21cm | |
| 300 | @a北京市教委科研项目 中国音乐学院资助出版 | |
| 330 | @a本书主要内容包括:律历融通序、律历融通卷之一黄钟历法上、下,律历融通卷之二步月离第六等内容。 | |
| 606 | 0 | @a律学@x注释@y中国@z明代 |
| 606 | 0 | @a古历法@x注释@y中国@z明代 |
| 606 | 0 | @a律学 |
| 606 | 0 | @a古历法 |
| 690 | @aJ612.1@v4 | |
| 690 | @aP194.3@v4 | |
| 701 | 0 | @a刘勇@Aliu yong@c(音乐,@f1953.11~)@4校注 |
| 701 | 0 | @a唐继凯@Atang ji kai@f(1960~)@4校注 |
| 801 | 0 | @aCN@bNLC@c20101222 |
| 905 | @a10447@dJ612.1@eJY239 | |
| 律历融通校注/刘勇,唐继凯校注.-北京:中国文联出版社,2006 |
| 383页:图;21cm |
| 北京市教委科研项目 中国音乐学院资助出版 |
| ISBN 7-5059-5329-X:CNY30.00 |
| 本书主要内容包括:律历融通序、律历融通卷之一黄钟历法上、下,律历融通卷之二步月离第六等内容。 |
| ● |
| 相关链接 |
|
|
|
|
正题名:律历融通校注
索取号:J612.1/JY239
 
预约/预借
| 序号 | 登录号 | 条形码 | 馆藏地/架位号 | 状态 | 备注 |
| 1 | 7834465 | 278344659 | 学院路分馆/ [索取号:J612.1/JY239] | 在馆 | |
| 2 | 7834466 | 278344668 | 学院路分馆/ [索取号:J612.1/JY239] | 在馆 |